000 00471nam a2200169Ia 4500
005 20250423100852.0
008 250422s9999 xx 000 0 und d
020 _a0590252712
050 _aPE 1628.5 .S3/
245 0 _aScholasťic children̈'s dicťion̈ary
260 _aNew York
260 _bScholasťic
260 _c1996
300 _a48 p
650 _aEn̈glish lan̈gųage_Dicťion̈aries, Jųven̈ile. En̈glish lan̈gųage_Dicťion̈aries.
942 _cBK
999 _c34587
_d34587